| 000 | 00000nas##2200000za#4500 |
| 001 | 9.513051 |
| 003 | CaOODSP |
| 005 | 20200325121905 |
| 007 | ta |
| 008 | 150406c1990||||xxc|| m #||||f| |0fre|d |
| 040 | |aCaOODSP|bfre |
| 043 | |an-cn--- |
| 086 | 1 |aFs97-6F# |
| 110 | 1 |aCanada. |bMinistère des pêches et des océans. |
| 245 | 10|aRapport technique canadien des sciences halieutiques et aquatiques |
| 260 | |aOttawa - Ontario : |bPêches et Océans Canada |
| 500 | |aNote: Des exemplaires de ces publications (imprimés ou sous forme de microfiches) sont en vente chez Micromedia Limited à Toronto. Le ministère des Pêches et Océans possède seulement une liste limitée de distribution gratuite pour les bibliothèques canadiennes ayant besoin de la série complète. |
| 546 | |a(Abstracts in English.) |
| 563 | |aCouverture souple |